00673pab a2200193 454500008004000000100001800040245016300058260000900221300001400230362001500244650001500259700002000274700001700294773003100311908000600342909001000348999001700358952010400375180718b2010 xxu||||| |||| 00| 0 eng d aLee, Sam Youl aDual faces of ministerial leadership in South Korea: does political responsiveness or administrative responsibility enhance perceived ministerial performance? c2010 ap.77-101. aSupplement aLeadership aHahm, Sung Deuk aMoon, M. Jae aAdministration and Society aN a86644 c86644d86644 00104070aIIPAbIIPAd2018-07-19hVolume no: 42, Issue no: 1pAR87104r2018-07-19w2018-07-19yAR